<?xml version="1.0" encoding="UTF-8"?><?xml-stylesheet type="text/xsl" href="static/style.xsl"?><OAI-PMH xmlns="http://www.openarchives.org/OAI/2.0/" xmlns:xsi="http://www.w3.org/2001/XMLSchema-instance" xsi:schemaLocation="http://www.openarchives.org/OAI/2.0/ http://www.openarchives.org/OAI/2.0/OAI-PMH.xsd"><responseDate>2026-04-13T02:11:51Z</responseDate><request verb="GetRecord" identifier="oai:www.recercat.cat:2072/439028" metadataPrefix="marc">https://recercat.cat/oai/request</request><GetRecord><record><header><identifier>oai:recercat.cat:2072/439028</identifier><datestamp>2024-10-31T03:41:41Z</datestamp><setSpec>com_2072_98</setSpec><setSpec>col_2072_378192</setSpec></header><metadata><record xmlns="http://www.loc.gov/MARC21/slim" xmlns:dcterms="http://purl.org/dc/terms/" xmlns:xsi="http://www.w3.org/2001/XMLSchema-instance" xmlns:doc="http://www.lyncode.com/xoai" xsi:schemaLocation="http://www.loc.gov/MARC21/slim http://www.loc.gov/standards/marcxml/schema/MARC21slim.xsd">
   <leader>00925njm 22002777a 4500</leader>
   <datafield ind2=" " ind1=" " tag="042">
      <subfield code="a">dc</subfield>
   </datafield>
   <datafield ind2=" " ind1=" " tag="720">
      <subfield code="a">Simo-Comas, Marta</subfield>
      <subfield code="e">author</subfield>
   </datafield>
   <datafield ind2=" " ind1=" " tag="260">
      <subfield code="c">2019</subfield>
   </datafield>
   <datafield ind2=" " ind1=" " tag="520">
      <subfield code="a">Para Esther Tusquets el feminismo no era tanto una doctrina como una actitud vital. Por ello, del mismo modo que en su obra narrativa y en sus artículos de opinión subyace una reflexión constante sobre la igualdad y la identidad de género, también su labor como editora refleja una aguda conciencia de la discriminación aparejada a la condición femenina. La hipótesis fundamental de este artículo es, por lo tanto, que la práctica editorial puede ser también una forma de praxis feminista, no solo por todo lo que conlleva para una mujer tener un puesto de responsabilidad en un mundo económica y culturalmente dominado por los hombres, sino también por la manera en que determinados proyectos sirven para difundir y consolidar una conciencia de género. En particular, se analizará la relevancia que áreas como la literatura infantil o cómics con un marcado sesgo reivindicativo, así como la ficción escrita por mujeres, tuvieron en los catálogos de editorial Lumen y RqueR, los dos sellos que Esther Tusquets fundó y dirigió en distintos momentos de su vida.</subfield>
   </datafield>
   <datafield ind2=" " ind1=" " tag="520">
      <subfield code="a">For Esther Tusquets, feminism was not so much a doctrine as an approach to life. Thus, just as her narrative work and opinion pieces are underpinned by a constant reflection on gender equality and gender identity, her work as an editor reflects a keen awareness of the discrimination experienced as part of the female condition. The fundamental thesis of this article, therefore, is that editorial practice can also be a form of feminist praxis: not only because of all that it entails for a woman to hold a position of responsibility in an economically and culturally maledominated world, but also because of the way in which many of the projects thereby undertaken served to spread and consolidate gender awareness. Particular attention will be paid to the presence in the catalogues published by Lumen and RqueR, the two firms that Esther Tusquets founded and directed at different times in her life, not only of fiction written by women, but also of comics and children's literature with a markedly vindicatory slant.</subfield>
   </datafield>
   <datafield tag="653" ind2=" " ind1=" ">
      <subfield code="a">Práctica editorial</subfield>
   </datafield>
   <datafield tag="653" ind2=" " ind1=" ">
      <subfield code="a">Conciencia de género</subfield>
   </datafield>
   <datafield tag="653" ind2=" " ind1=" ">
      <subfield code="a">Praxis feminista</subfield>
   </datafield>
   <datafield tag="653" ind2=" " ind1=" ">
      <subfield code="a">Editorial lumen</subfield>
   </datafield>
   <datafield tag="653" ind2=" " ind1=" ">
      <subfield code="a">Esther tusquets</subfield>
   </datafield>
   <datafield tag="653" ind2=" " ind1=" ">
      <subfield code="a">Editorial practice</subfield>
   </datafield>
   <datafield tag="653" ind2=" " ind1=" ">
      <subfield code="a">Gender awareness</subfield>
   </datafield>
   <datafield tag="653" ind2=" " ind1=" ">
      <subfield code="a">Feminist praxis</subfield>
   </datafield>
   <datafield ind2="0" ind1="0" tag="245">
      <subfield code="a">Esther Tusquets : la práctica editorial como praxis feminista</subfield>
   </datafield>
</record></metadata></record></GetRecord></OAI-PMH>